000 00884nmm a2200253 a 4500
001 ocm000701793
003 TR-IsHL
005 20201028124057.0
008 130902s[198 tu eng
007 cr cn
035 _a701793
_b(N$T)
050 0 4 _aHF328.T9
_bO98[1983]
090 0 4 _aHF328.T9
_bO98[1983]
245 1 0 _aOutstanding exporters 1983, Istanbul Chamber Of Commerce May 29, 1983
_h[electronic resource]
250 _a1. bs.
260 _aİstanbul :
_bİstanbul Ticaret Odası,
_c[1983]
300 _a75 p.
650 4 _aEkonomi ve Finans
650 4 _aEconomics and Finance
650 0 _aİstanbul Ticaret Odası
_x Tarihi
650 0 _aIstanbul Chamber of Commerce
_x History
650 7 _aBUSINESS & ECONOMICS / Corporate & Business History
_2bisacsh
856 4 0 _uhttp://search.ebscohost.com/login.aspx?direct=true&scope=site&db=e011xww&AN=701793
999 _c2757
_d2757